00560cam a2200181 a 4500001000700000003000400007005000900011008005900020020001500079245009300094260005100187300000700238505004000245650001900285651002700304700003400331040001300365209566OSt201809210000001958 dr 0000000000spa00 a[sin ISBN] aLa jurisprudencia dominicana en la Era de Trujillocrecopilada por Pablo Antonio Machado aRepública Dominicana :bImpresora Dominicana av. av. 1. Años 1939-1958, julio, 1958 aJurisprudencia aRepública Dominicana aMachado, Pablo Antonio, recop aDLCcDLC